000 00675nam a22002177a 4500
005 20251108165342.0
008 250721s1975 xx 000 0 ara d
082 1 4 _a415.1/جار
100 1 _aالجارم، علي
245 1 0 _aالنحو الواضح في قواعد اللغة العربية للمدارس الثانوية /
264 1 _aالقاهرة :
_bدار المعارف،
_c1975.
300 _a
650 1 7 _aاللغة العربية
650 1 7 _aقواعد اللغة
650 1 7 _aالأفعال (نحو)
650 1 7 _aالأسماء
650 1 7 _aعلم الصرف
700 1 _aأمين، مصطفى
942 _2ddc
_cBK
999 _c25803
_d25803